| 000 | 00571nam a2200205 a 4500 | ||
|---|---|---|---|
| 001 | 19942 | ||
| 003 | CO-ViMGA | ||
| 008 | 141112s2004 ck r 000 u spa d | ||
| 020 | _a8420464309 | ||
| 040 |
_aCO-ViMGA _bspa _cCO-ViMGA |
||
| 082 | 0 | 4 | _aPe864.6 V174v |
| 100 | 1 | _aVargas Llosa, Mario | |
| 245 | 1 | 0 | _aLa verdad de las mentiras |
| 260 |
_aMadrid : _bSantillana, _c2002 |
||
| 300 | _a413 p. | ||
| 590 | _aForma de adquisición : Premio Mincultura | ||
| 650 | 1 | 4 |
_aENSAYOS PERUANOS _917536 |
| 650 | 1 | 4 |
_aLITERATURA - ENSAYOS, CONFERENCIAS _928947 |
| 942 |
_2ddc _cBK |
||
| 999 |
_c29064 _d29064 |
||